[Event "Queenstown op"]
[Site "Queenstown"]
[Date "2012.01.18"]
[Round "4"]
[White "Bojkov, Dejan"]
[Black "Illingworth, Max"]
[Result "1-0"]
[WhiteElo "2553"]
[BlackElo "2388"]
[Annotator "Bojkov,D"]
[PlyCount "71"]
[EventDate "2012.01.15"]
[EventType "swiss"]
[EventRounds "9"]
[EventCountry "NZL"]
[SourceTitle "CBM 146 Extra"]
[Source "ChessBase"]
[SourceDate "2012.02.29"]
[SourceVersion "1"]
[SourceVersionDate "2012.02.29"]
[SourceQuality "1"]

1. e4 e6 {Max Illingworth is one of Australia's hopes. He made his first GM
norm this summer, and is a very sharp player who plays practically everything.}
2. d4 d5 3. Nd2 Nf6 4. e5 Nfd7 5. f4 c5 6. Ngf3 Nc6 7. Nb3 c4 {This move is
natural and wins a tempo, but closes the game. Now both sides will have clear
areas of activity. For White this is the king's flank, where he can easily
attack the base of the pawn chain and for Black is the opposite side of the
board.} (7... cxd4 8. Nbxd4 {is the other pricipled way of developing the
Black's game} Nxd4 9. Nxd4 Bc5 {1/2 (58) Smagin,S (2540)-Moskalenko,V (2525)/
Moscow 1995/CBM 046}) (7... Qb6 {to attack the pawn chain at once makes sense
too.}) ({While} 7... a5 {[%cal Ga5a4,Ga4a3] is somewhat unorthodox way of
attacking the centre.}) (7... f6 {is also possible- Black can attack the pawn
centre from its strong side, even though it is not "his" territory.}) 8. Nbd2
b5 9. Be2 Nb6 10. Nf1 {[%cal Gf1e3]} Be7 {Once Black closes the centre, he
usually heads for 0-0-0:} (10... Bd7 11. Ne3 Be7 12. O-O Qc7 13. Bd2 $14 {
[%csl Re7][%cal Gd2e1,Ge1h4] 1-0 (41) Malakhov,V (2637)-Volkov,S (2578)/
Panormo 2001/CBM 084 ext}) 11. Ne3 (11. c3 {is also possible -} Bd7 12. h4 Qc7
13. h5 h6 14. Qc2 b4 15. Ne3 Na5 16. f5 $14 {1-0 (32) Smagin,S (2583)-De
Francesco,K (2294)/Bad Wiessee 1999/EXT 2001}) 11... h5 $5 $146 {A good
novelty. Max wants to block White's activity on the king's flank.} 12. O-O g6 (
12... Bd7 13. Qe1 {[%cal Ge1g3]}) 13. Qe1 ({White can also counter on the
queen's flank, likewise his opponent. However, I did not like the line:} 13. b3
a6 14. a4 Bb7 15. axb5 (15. a5 $5) 15... axb5 16. Rxa8 Qxa8 17. bxc4 dxc4 {
when Black seems in a great shape.}) 13... a5 {One of the good ideas that
Black has. Another one is to castle long:} (13... Bd7 14. Qg3 Qc7 {as the
immediate attack:} 15. f5 $6 {[%csl Rc7,Yd7][%cal Re5e6,Rg3c7,Ye6d7] is
refuted with the intermediate blow:} h4 $1 {[%csl Yg3]}) ({Surya Ganguly
suggested this idea as a possible improvement for Black-} 13... O-O 14. c3 (14.
Qg3 b4 15. c3) 14... b4 15. Bd2 {[%cal Ye2d1,Yd1c2,Re1g3] would be a possible
follow up. It seems as White should be faster on the king's flank, but the
position is quite double-edged.}) 14. c3 b4 15. Bd2 Bd7 (15... bxc3 16. bxc3 a4
{[%cal Ga4a3,Yb6a4] is unclear though.}) ({The aggressive:} 15... Na4 {might
lose a tempo after:} 16. Rb1 Rb8 17. Bd1 {[%csl Yc2,Yg6][%cal Rd1a4,Yd1c2,
Yc2g6,Ye2d1]}) 16. Bd1 Nc8 $2 {A dubious manoeuvre. Max should have preferred:}
(16... Qc7 17. Bc2 Rb8 {gradually building his queen's side play, and for the
time being keeping the king in a warm and safe place.}) 17. Bc2 Qb6 18. Qg3 {
[%csl Rg6][%cal Rc2g6,Rg3g6]} Kd8 (18... Z0 {White was already threatening to
take on g6.} 19. Bxg6 Rg8 (19... fxg6 20. Qxg6+ Kd8 21. f5 {is similar to the
game.}) 20. Bxf7+ Kxf7 21. Qh3 $40) 19. Kh1 {As my king was under x-ray attack
from my opponent's queen, I decided to move it away. Unfortunately I missed
that in the line:} (19. Ng5 $1 Bxg5 20. Qxg5+ N8e7 21. Qf6 Rh7 {And not:} (
21... Rf8 22. Bxg6 $1) 22. f5 $1 gxf5 {The move:} 23. Rxf5 $3 ({I calculated
only:} 23. Bxf5 exf5 24. Nxd5 Qa7 $13 {which is not clear at all.}) 23... exf5
24. Nxf5 {[%csl Rh7] and suddenly the rook on h7 is trapped.} bxc3 25. Bxc3 Rb8
26. Nxe7 Nxe7 27. Qxb6+ Rxb6 28. Bxh7 $18) 19... N8a7 {This move does not
improve Black's situation to put it mildly. True, the alternative also seemed
to be too dangerous:} (19... Kc7 20. b3 $40 {[%csl Yc7][%cal Rc1c7,Rb1b7]}) 20.
Ng5 Rf8 ({The additional move Nc8-a7 made things worse for Black, and the
refutation of the bishop trade is easier to spot:} 20... Bxg5 21. Qxg5+ Kc7 22.
f5 $1 gxf5 23. Rxf5 $1 {[%csl Rb6,Rc7,Rd5,Yf7][%cal Re3d5,Ya1f1,Rf1f7] and
Black's position collapses.}) ({While in the event of:} 20... Be8 {White can
grab three pawns for the bishop:} 21. Bxg6 $1 fxg6 22. Nxe6+ Kc8 23. Nxd5 $18 {
[%csl Gd4,Ge5,Gf4] and what pawns!}) 21. Nxf7+ {I can hardly even call this a
sacrifice as White gains two pawns for the knight at once, and a third one is
on its way. But the main thing is that the pawn mass in the centre starts to
march forward and sweeps aside everything in its way.} Rxf7 22. Qxg6 Rf8 23. f5
{[%csl Yd8] Naturally it is much more important to give life to my pieces
rather than grabbing useless pawns. Those pawns are just the dressing, and the
main dish is being baked in the centre.} bxc3 (23... exf5 24. Nxd5 Qb5 25. Nxe7
Nxe7 26. Bg5 Nac8 27. e6 Be8 28. Qg7 {[%csl Rf8] suddenly traps the black rook.
}) (23... Be8 24. Qxe6) 24. bxc3 Ba3 25. Rab1 Nb5 26. Ba4 ({An easier try
would be:} 26. fxe6 Rxf1+ 27. Rxf1 Be8 (27... Ne7 28. Rf8+ {[%csl Ra8][%cal
Rf8a8]}) 28. Qf6+ Be7 29. Nxd5 $18) 26... Ne7 27. Qxh5 {This time I can take
the pawn. After all, the queen needs to retreat, right?} exf5 ({I thought that
it would be more stubborn to play:} 27... Nxf5 {as White can still go wrong.
Still, I should be able to convert the advantage after:} 28. Bxb5 Bxb5 (28...
Nxe3 29. Rxf8+ Bxf8 30. Bxe3 Bxb5 31. a4 $18 {[%csl Rb5,Yb6]}) 29. Nxf5 exf5
30. Bh6 $1 Rh8 (30... Re8 31. Bg5+ Kd7 32. Qf7+ Be7 (32... Kc8 33. Qxe8+) 33.
Qxd5+ $18) 31. Bg5+ Kc7 32. Qf7+ Kc8 33. Qxf5+ Kb8 34. Qf6 Qxf6 35. Bxf6 $18 {
[%csl Rb5,Rh8]}) 28. Nc2 $1 {[%csl Ra3] Suddenly the bishop on a3 is trapped.}
Bb4 29. cxb4 Nxd4 30. bxa5 Qa7 31. Be3 Bxa4 32. Nxd4 Qd7 33. Rb6 Nc6 34. Qh6
Kc7 35. Ne6+ Qxe6 36. Qxe6 1-0

[Event "DDR-ch 38th"]
[Site "Zittau"]
[Date "1989.02.17"]
[Round "6"]
[White "Tischbierek, Raj"]
[Black "Knaak, Rainer"]
[Result "0-1"]
[WhiteElo "2475"]
[BlackElo "2465"]
[Annotator "Bulletin"]
[PlyCount "56"]
[EventDate "1989.02.12"]
[EventType "tourn"]
[EventRounds "13"]
[EventCountry "DDR"]
[EventCategory "7"]
[SourceTitle "CBM 012"]
[Source "ChessBase"]
[SourceDate "1989.10.01"]
[SourceVersion "1"]
[SourceVersionDate "1989.10.01"]
[SourceQuality "1"]

1. e4 e6 2. d4 d5 3. Nc3 Nf6 4. e5 Nfd7 5. Nce2 c5 6. c3 cxd4 7. cxd4 Nc6 8. f4
Qb6 9. Nf3 f6 10. a3 $6 {>= 10.g3} Be7 11. g3 O-O 12. exf6 $8 (12. Bh3 fxe5 $1
$17) 12... Nxf6 $15 13. Bg2 Ne4 $15 14. O-O e5 $5 {14...Bd7; 14...Bf6} 15. fxe5
Bg4 16. Bf4 $6 {16.Kh1!? /\ Qd3} g5 17. Be3 Bxf3 18. Rxf3 Rxf3 19. Bxf3 Nxe5
20. Bxe4 {20.Bg2!?} dxe4 21. Qc2 $6 {21.b4=/+} Rf8 $1 22. Rf1 (22. Qxe4 Qxb2
$19) (22. Nc3 Ng4 23. Re1 Nxe3 24. Rxe3 Qxd4 25. Qxe4 Bc5 $19) 22... Rxf1+ 23.
Kxf1 Qf6+ $17 24. Ke1 (24. Kg1 Qf3 $1 25. Qb3+ Kh8 $3 26. dxe5 Bc5 $19) 24...
Nd3+ 25. Kd2 Qf1 26. Kc3 b5 $1 27. g4 b4+ 28. axb4 $6 {28.Kb3 -/+} Qf3 $1 {
Kommentare von Rainer Knaak} (28... Qf3 {Begründung der Aufgabe} 29. Kd2 Bxb4+
30. Nc3 Qg2+ 31. Kd1 Qf1+) 0-1

[Event "Landesliga Sued 9495"]
[Site "Bayern"]
[Date "1994.11.06"]
[Round "2.1"]
[White "Klundt, Klaus"]
[Black "Reilein, Christian"]
[Result "1-0"]
[WhiteElo "2310"]
[BlackElo "2315"]
[Annotator "Bulletin"]
[PlyCount "59"]
[EventDate "1994.10.09"]
[EventType "team-tourn"]
[EventRounds "9"]
[EventCountry "GER"]
[SourceTitle "EXT 1999"]
[Source "ChessBase"]
[SourceDate "1998.11.16"]
[SourceVersion "1"]
[SourceVersionDate "1998.11.16"]
[SourceQuality "1"]
[WhiteTeam "Tegernsee TV"]
[BlackTeam "Ingolstadt SK"]
[WhiteTeamCountry "GER"]
[BlackTeamCountry "GER"]

1. e4 e6 2. d4 d5 3. Nd2 Nf6 4. e5 Nfd7 5. f4 c5 6. c3 Nc6 7. Ndf3 Qb6 8. g3
cxd4 9. cxd4 Bb4+ 10. Kf2 a5 11. Kg2 a4 12. a3 Be7 13. Ne2 Qd8 14. g4 Nb6 15.
Ng3 Na5 16. f5 Nb3 17. Rb1 Nc4 {[#]} 18. Nh5 Rg8 19. Bd3 exf5 20. gxf5 g6 21.
fxg6 hxg6 22. Nf6+ Bxf6 23. exf6 Nxc1 (23... Qxf6 24. Re1+ Kd7 25. Bg5 Qg7 26.
Re7+ Kc6 27. Bxc4 dxc4 28. Ne5+ $16) 24. Re1+ Kf8 (24... Be6 25. Bxc4 dxc4 26.
Qxc1 Rc8 27. Re5 $16) 25. Qxc1 Qxf6 26. Qh6+ Qg7 27. Qg5 Be6 28. Bxc4 dxc4 29.
Qc5+ Ke8 30. d5 1-0

[Event "URS-ch U26"]
[Site "Tbilisi"]
[Date "1989.??.??"]
[Round "?"]
[White "Serper, Grigory"]
[Black "Savchenko, Stanislav"]
[Result "1/2-1/2"]
[WhiteElo "2435"]
[BlackElo "2480"]
[Annotator "Bulletin"]
[PlyCount "52"]
[EventDate "1989.01.??"]
[EventType "tourn"]
[EventRounds "15"]
[EventCountry "URS"]
[EventCategory "9"]
[SourceTitle "CBM 012"]
[Source "ChessBase"]
[SourceDate "1989.10.01"]
[SourceVersion "1"]
[SourceVersionDate "1989.10.01"]
[SourceQuality "1"]

1. e4 e6 2. d4 d5 3. Nd2 Nf6 4. e5 Nfd7 5. f4 c5 6. Ngf3 Nc6 7. c3 a5 $1 8. a4
(8. Be2 Qb6 9. dxc5 Bxc5 10. Nb3 Bf2+ 11. Kf1 Nc5 $1 12. Nbd4 Ne4 13. g3 f5 $1
$15 {Serper,G-Glek,I/Frunze/1988/0-1/46/}) 8... Be7 9. Be2 f6 10. O-O O-O 11.
Nb3 cxd4 12. Nbxd4 Bc5 13. Kh1 Qe7 14. exf6 Nxf6 15. Bd3 Bxd4 16. cxd4 Nb4 17.
Bb1 b6 $10 18. Ra3 Ne4 19. Ng5 Ba6 20. Rff3 h6 21. Nxe4 dxe4 22. Bxe4 Rad8 23.
Be3 Nd5 24. Bf2 Nxf4 25. Qe1 Bb7 26. h3 Kh8 1/2-1/2

[Event "Thessaloniki FIDE GP"]
[Site "Thessaloniki"]
[Date "2013.05.28"]
[Round "6"]
[White "Ponomariov, Ruslan"]
[Black "Ivanchuk, Vassily"]
[Result "1-0"]
[WhiteElo "2742"]
[BlackElo "2755"]
[Annotator "CB"]
[PlyCount "37"]
[EventDate "2013.05.22"]
[EventType "tourn"]
[EventRounds "11"]
[EventCountry "GRE"]
[EventCategory "21"]
[SourceTitle "CBM 155"]
[Source "ChessBase"]
[SourceDate "2013.07.16"]
[SourceVersion "1"]
[SourceVersionDate "2013.07.16"]
[SourceQuality "1"]

1. e4 e6 2. d4 d5 3. Nd2 Nf6 4. e5 Nfd7 5. f4 c5 6. Ngf3 ({Die Hauptvariante
in diesem Abspiel der Französischen Tarrschachvariante entsteht nach} 6. c3
Nc6 7. Ndf3 Rb8 ({Üblich ist} 7... Qb6) 8. Bd3 b5 9. Ne2 g6 10. O-O Qb6 11. g4
h5 12. h3 b4 13. Qa4 bxc3 14. bxc3 cxd4 15. Rb1 Qc7 16. Rxb8 Ndxb8 17. cxd4 Bd7
18. Qc2 Qa5 19. Bxg6 Nb4 20. Qb1 Qxa2 21. Bd2 Qxb1 22. Bxb1 hxg4 23. hxg4 Bb5
24. Re1 N8c6 25. Nc3 Bc4 26. Kg2 a5 27. Na4 Bb3 28. Nc5 Bxc5 29. dxc5 a4 30.
Bxb4 Nxb4 31. Nd4 Bc4 32. Re3 Kd7 33. Ra3 Ra8 34. f5 Nc6 35. Nf3 Rb8 36. Ra1 {
0-1 (36) Shirov,A (2739)-Ponomariov,R (2705) Moscow 2007}) 6... Nc6 7. Nb3 ({
Die Alternative ist} 7. c3) 7... c4 ({Der Partiezug wirkt logischer als} 7...
cxd4 8. Nbxd4 Nc5 (8... Bc5) 9. Be3 Be7 10. c3 O-O 11. Be2 Nxd4 12. Bxd4 Ne4
13. O-O Bd7 14. Bd3 a6 15. Qe2 Nc5 16. Rf2 Nxd3 17. Qxd3 Rc8 18. g4 f5 19. exf6
Bxf6 20. Re1 Qc7 21. Qe3 Bxd4 22. Nxd4 Rce8 23. g5 Bc8 24. a3 Qf7 25. Qg3 Qg6
26. Re5 Bd7 27. h3 Rf7 28. Kh2 Ref8 29. Qe3 Qh5 30. Nxe6 Bxe6 31. Rxe6 Rf5 32.
Re5 Qg6 33. Kg3 h6 34. h4 hxg5 35. hxg5 R5f7 36. Rxd5 Qc6 37. Qd4 Qc7 38. Rd6
Rf5 39. Rd7 Rxg5+ 40. Kh4 Qc6 41. Kxg5 {1-0 (41) Ponomariov,R (2743)-Akopian,V
(2678) Moscow 2002}) 8. Nbd2 b5 9. Be2 Nb6 ({Gespielt wurde hier auch schon} 
9... Qb6 {und nun:} 10. Nf1 f6 11. Ne3 fxe5 12. fxe5 Be7 13. c3 O-O 14. O-O b4
15. Qe1 bxc3 16. bxc3 Qa5 17. Bd1 Rf7 18. Bc2 Nf8 19. Nd1 Bd7 20. Qg3 Nd8 21.
a4 Nc6 22. Bh6 Be8 23. Rf2 Kh8 24. Bd2 Qd8 25. Ng5 Rxf2 26. Nxf2 Bxg5 27. Bxg5
Qd7 28. h4 Bg6 29. Bxg6 Nxg6 30. h5 Nge7 31. h6 Nf5 32. hxg7+ Qxg7 33. Qf4 Qg6
34. Bf6+ Kg8 35. Kh2 Rb8 36. g4 Nh6 37. Rg1 Rb2 38. Kh3 Na5 39. Rg3 Nb3 40. Be7
Nf7 41. Nd1 Rd2 42. Ne3 Qb1 43. Nf1 Rd3 44. Rf3 Qxf1+ {0-1 (44) Smagin,S (2613)
-Gurevich,M (2688) Essen 2001}) 10. Nf1 h5 {Ein neuer Zug an dieser Stelle.} (
10... Bd7 11. Ne3 Be7 12. O-O Qc7 13. Bd2 a5 14. Be1 O-O-O 15. b3 a4 16. Rb1
Qa7 17. bxc4 bxc4 18. Bf2 Na5 19. f5 g6 20. f6 Ba3 21. Ng5 Be8 22. Bg4 Nc6 23.
Nxe6 fxe6 24. Bxe6+ Rd7 25. Nxd5 Nxd5 26. Qf3 Nd8 27. Bxd5 Qa6 28. e6 Rxd5 29.
Qxd5 Nxe6 30. Bg3 Nc7 31. Bxc7 Kxc7 32. f7 Bd7 33. Qe5+ {1-0 (33) Malakhov,V 
(2716)-Shulman,Y (2624) Bursa 2010}) 11. Ne3 Bd7 12. O-O Be7 13. b3 g6 14. Bd2
a6 15. Be1 Qc7 16. h3 O-O-O $2 {Der schwarze König steht am Damenflügel
nicht sicher und Schwarz wird sehr schnell mit konkreten Problemen
konfrontiert.} (16... O-O 17. Bh4 $5 Bb4 $5) 17. a4 Kb7 18. Qb1 Na7 ({Besser
war noch} 18... cxb3 19. Qxb3 Ra8) 19. a5 (19. a5 {Auf} Nbc8 20. bxc4 dxc4 21.
Nxc4 {hatte Ivanchuk schon keine Lust mehr.}) 1-0

[Event "Esbjerg North Sea Cup-03"]
[Site "Esbjerg"]
[Date "1978.07.??"]
[Round "6"]
[White "Larsen, Bent"]
[Black "Brinck Claussen, Bjorn"]
[Result "1-0"]
[WhiteElo "2620"]
[BlackElo "2385"]
[Annotator "ChessBase"]
[PlyCount "63"]
[EventDate "1978.07.08"]
[EventType "tourn"]
[EventRounds "13"]
[EventCountry "DEN"]
[EventCategory "7"]
[SourceTitle "MCL"]
[Source "ChessBase"]
[SourceDate "1999.07.01"]
[SourceVersion "1"]
[SourceVersionDate "1999.07.01"]
[SourceQuality "1"]

1. e4 e6 2. d4 d5 3. Nd2 Nf6 4. e5 Nfd7 5. c3 c5 6. f4 Nc6 7. Ndf3 cxd4 8. Nxd4
$5 Nxd4 (8... Nc5 $5) 9. cxd4 Nb6 $2 (9... Nb8 $1 10. Nf3 Nc6 $13) 10. Nf3 Be7
11. Bd3 Bd7 12. O-O h5 13. b3 g6 14. Bd2 Kf8 15. a4 Kg7 16. g3 a5 17. h3 Nc8
18. Qe1 $1 {xa5} Qb6 (18... b6 19. Qe2 {xb5}) 19. Rb1 Bb4 20. Bxb4 axb4 (20...
Qxb4 21. Qxb4 axb4 22. Rbc1 Bc6 23. Ne1 {/\ Nc2}) 21. Qd2 Ne7 22. Rfc1 Rac8 23.
Kf2 $5 (23. Rxc8 Rxc8 24. Rc1 $16) 23... Qa5 24. Rxc8 $1 (24. g4 Rc3) 24...
Rxc8 25. g4 $1 hxg4 (25... Rh8 26. Rc1) (25... Rc3 26. gxh5 gxh5 27. f5 $40)
26. hxg4 Rc3 27. f5 exf5 28. Rh1 Ng8 (28... f4 29. Qxf4 Ng8 30. Rh7+ $1 Kxh7
31. Qxf7+ Kh8 32. Ng5 $18) 29. gxf5 Qb6 30. f6+ Kf8 31. Rh8 Bg4 32. Rxg8+ (32.
Rxg8+ Kxg8 33. Qh6 $18) 1-0

[Event "URS-ch52 First League"]
[Site "Sverdlovsk"]
[Date "1984.11.??"]
[Round "?"]
[White "Kholmov, Ratmir D"]
[Black "Chernin, Alexander"]
[Result "1/2-1/2"]
[WhiteElo "2465"]
[BlackElo "2475"]
[Annotator "Dolmatov,S"]
[PlyCount "64"]
[EventDate "1984.11.15"]
[EventType "tourn"]
[EventRounds "15"]
[EventCountry "URS"]
[EventCategory "9"]
[SourceTitle "MCL"]
[Source "ChessBase"]
[SourceDate "1999.07.01"]
[SourceVersion "1"]
[SourceVersionDate "1999.07.01"]
[SourceQuality "1"]

1. e4 e6 2. d4 d5 3. Nd2 Nf6 4. e5 Nfd7 5. f4 c5 6. c3 Nc6 7. Ndf3 Qb6 8. g3
cxd4 9. cxd4 Bb4+ 10. Kf2 g5 11. fxg5 (11. h3 gxf4 12. Bxf4 f6 13. Kg2 Bf8 14.
Rb1 Bg7 $13 {Yudasin,l-Moskalenko,V/Lvov/1984/ Inf 38/383/}) 11... Ndxe5 12.
Nxe5 Nxe5 13. Be3 $1 (13. Kg2 Nc6 14. Nf3 Bf8 15. b3 Bg7 16. Bb2 Bd7 17. Rc1
$13 {Poljancev-Kaplun/USSR/1983/ Inf 36/363/}) 13... Nc6 14. Nf3 Bd7 15. Bd3
Bf8 16. Qd2 Qb4 $2 (16... Bg7 $5 17. Be2 Ne7 18. g4 Bb5 19. Qb4 Bxe2 20. Qxb6
axb6 21. Kxe2 Nc6 22. a3 $14) 17. a3 Qxd2+ 18. Bxd2 Bg7 19. Be3 h6 (19... Ke7
20. h4 h6 21. gxh6 $16) 20. gxh6 Bxh6 21. Bxh6 Rxh6 22. h4 Rh8 (22... f6 23. g4
e5 24. g5 Rh8 (24... fxg5 25. hxg5 Rxh1 26. Rxh1 $16) 25. dxe5 fxe5 26. Nxe5
Nxe5 27. Rae1 Rf8+ 28. Kg2 $16) (22... Rf6 $6 23. Ke3 Rxf3+ 24. Kxf3 Nxd4+ 25.
Ke3 $16) 23. g4 Ke7 24. g5 f6 25. gxf6+ $2 (25. Ke3 $1 e5 (25... fxg5 $2 26.
hxg5 $16) 26. gxf6+ Kxf6 27. Nxe5 $1 Nxe5 28. Raf1+ Ke6 29. Bf5+ $16) 25...
Kxf6 26. Rag1 Be8 27. Ke3 Bh5 28. Ng5 Rh6 29. Rf1+ Ke7 30. Rf4 e5 31. dxe5 Nxe5
32. Rhf1 Rah8 (32... Rah8 33. Kd4 Nc6+) 1/2-1/2